000 00692nam a22001577a 4500
005 20260512101006.0
008 260512b |||||||| |||| 00| 0 eng d
050 _aTHE SB 321 .K4 O53 2025
_bC.1
100 _aOndari, Florence Bonareri
245 _aAnalysis of the Determinants of Production of Selected Indigenous Leafy Vegetables by Smallholder FArmers in Kisii County, Kenya
260 _aKisii
_bKisii University
_c2025
300 _axvii, 146p.:ill.
500 _aIncludes bibliographical references
650 _a1. Leafy vegetables - Kenya - Kisii County. 2. Indigenous crops - Kenya - Case studies. 3. Sustainable agriculture - Kenya - Indigenous vegetables.
942 _2lcc
_cREF
999 _c217107
_d217107